WEB WWW DESIGNING COURSE (Record no. 9503)
[ view plain ]
| 000 -LEADER | |
|---|---|
| fixed length control field | 00353nam a2200145Ia 4500 |
| 003 - CONTROL NUMBER IDENTIFIER | |
| control field | OSt |
| 005 - DATE AND TIME OF LATEST TRANSACTION | |
| control field | 20240302143618.0 |
| 008 - FIXED-LENGTH DATA ELEMENTS--GENERAL INFORMATION | |
| fixed length control field | 170524s9999 xx 000 0 und d |
| 020 ## - INTERNATIONAL STANDARD BOOK NUMBER | |
| International Standard Book Number | 978-8173178030 |
| 040 ## - CATALOGING SOURCE | |
| Transcribing agency | iimtu meerut |
| 100 ## - MAIN ENTRY--PERSONAL NAME | |
| Personal name | SINGH- VISHNU PRIYA |
| 245 #0 - TITLE STATEMENT | |
| Title | WEB WWW DESIGNING COURSE |
| 260 ## - PUBLICATION, DISTRIBUTION, ETC. | |
| Name of publisher, distributor, etc. | DELHI: ASIAN PUBLICATION |
| 942 ## - ADDED ENTRY ELEMENTS (KOHA) | |
| Source of classification or shelving scheme | |
| Koha item type | Book Bank |
| Withdrawn status | Lost status | Source of classification or shelving scheme | Damaged status | Not for loan | Home library | Current library | Date acquired | Total Checkouts | Total Renewals | Barcode | Date last seen | Date last checked out | Uniform Resource Identifier | Price effective from | Koha item type |
|---|---|---|---|---|---|---|---|---|---|---|---|---|---|---|---|
| IIMT University Central Library Meerut | IIMT University Central Library Meerut | 06/01/2017 | 1 | 1 | 01-B-94675 | 03/25/2019 | 03/05/2019 | WEB DESIGNING | 06/01/2017 | Book Bank |

